[Event "Oberfranken-ch U14 0809"]
[Site "Schney"]
[Date "2009.01.05"]
[Round "7"]
[White "Zimmerer, Dominik"]
[Black "Hofmann, Marko"]
[Result "0-1"]
[WhiteElo "823"]
[BlackElo "1283"]
[PlyCount "41"]
[EventDate "2009.01.02"]
[EventType "swiss"]
[EventRounds "7"]
[EventCountry "GER"]
[SourceTitle "EXT 2012"]
[Source "ChessBase"]
[SourceDate "2011.11.24"]
[SourceVersion "1"]
[SourceVersionDate "2011.11.24"]
[SourceQuality "1"]

1. e4 c5 2. Bc4 e6 3. Nf3 Nf6 4. 0-0 Nxe4 5. Qe2 d5 6. Bd3 f5 7. Bxe4 fxe4 8. Ne5 Nc6 9. Nxc6 bxc6 10. c3 Bd6 11. d4 cxd4 12. cxd4 0-0 13. Nc3 Qh4 14. h3 e5 15. dxe5 Bxe5 16. Be3 Bxh3 17. g3 Bxg3 18. fxg3 Qxg3+ 19. Kh1 Rxf1+ 20. Rxf1 Bxf1 21. Qxf1 0-1

[Event "Oberfranken-ch U14 0809"]
[Site "Schney"]
[Date "2009.01.03"]
[Round "3"]
[White "Zimmerer, Dominik"]
[Black "Gebhardt, Christian"]
[Result "0-1"]
[WhiteElo "823"]
[BlackElo "1038"]
[PlyCount "86"]
[EventDate "2009.01.02"]
[EventType "swiss"]
[EventRounds "7"]
[EventCountry "GER"]
[SourceTitle "EXT 2012"]
[Source "ChessBase"]
[SourceDate "2011.11.24"]
[SourceVersion "1"]
[SourceVersionDate "2011.11.24"]
[SourceQuality "1"]

1. e4 e6 2. b3 d5 3. e5 Bd7 4. Nf3 c5 5. Bb2 Nc6 6. Bd3 Qc7 7. c4 d4 8. 0-0 0-0-0 9. Ng5 Nxe5 10. Qc2 Be7 11. Nxh7 g6 12. b4 Rxh7 13. bxc5 Nxd3 14. h3 Nxb2 15. Qxb2 Bxc5 16. a4 f5 17. a5 a6 18. Qb3 Ne7 19. d3 g5 20. f3 e5 21. Nd2 Rg8 22. Ra2 g4 23. fxg4 fxg4 24. Kf2 Rf7+ 25. Nf3 gxf3 26. gxf3 Bxh3 27. Rb1 Rg2+ 28. Kf1 Rxa2+ 29. Ke1 Rg2 30. Rb2 Rxb2 31. Qxb2 Qxa5+ 32. Qd2 Qxd2+ 33. Kxd2 Rxf3 34. Ke1 Bb4+ 35. Ke2 Bg4 36. Kd1 Rf2+ 37. Kc1 Ba3+ 38. Kb1 Bf5 39. Ka1 Kc7 40. Kb1 Bxd3+ 41. Ka1 Bxc4 42. Kb1 Bb3 43. Ka1 Rf1# 0-1